000 00551nam a22001817a 4500
005 20230925131812.0
010 _aB-755810
020 _a9789382657668
035 _aB-755810
082 _22022
100 _aCARROL , LEWIS
_957382
245 _aALICE'S ADVENTURES IN WORLDLAND /
_cLEWIS CARROL
260 _aNEW DELHI
_bVAIBHAV PUBLICATIONS
_c2022
270 _a24/4806, ANSARI ROAD , DARYA GANJ
_bNEW DELHI
_e110002
300 _a82P.
_b23CM(HB)
942 _2ddc
_cEN
_e2022
_hN
_mROL
999 _c198537
_d198537